Nghề làm trang phục cải lương ở thành phố Hồ Chí Minh /

שמור ב:
מידע ביבליוגרפי
מחבר ראשי: Nguyễn Thị Tâm Anh.
מחברים אחרים: Nguyễn Ngọc Sang.
פורמט: Bài viết
שפה:Vietnamese
נושאים:
תגים: הוספת תג
אין תגיות, היה/י הראשונ/ה לתייג את הרשומה!
Thư viện lưu trữ: Thư viện Trường Đại học Đà Lạt
LEADER 00856nam a2200277 4500
001 DLU180184492
005 ##20180418
040 # # |a DLU  |b vie 
041 # # |a vie 
044 # # |a vn 
100 # # |a Nguyễn Thị Tâm Anh. 
245 # # |a Nghề làm trang phục cải lương ở thành phố Hồ Chí Minh /  |c Nguyễn Thị Tâm Anh, Nguyễn Ngọc Sang. 
653 # # |a Thiết kế 
653 # # |a Trang phục 
653 # # |a Trang phục cải lương 
700 # # |a Nguyễn Ngọc Sang. 
773 # # |t Tạp chí Văn hoá nghệ thuật  |g Số 384, 2016, tr. 90-93 
920 # # |a Phòng Tạp chí -- Trung tâm Thông tin - Thư viện Trường Đại học Đà Lạt 
994 # # |a DLU 
900 # # |a True 
911 # # |a Trần Thị Minh Hương 
925 # # |a G 
926 # # |a A 
927 # # |a BB 
980 # # |a Thư viện Trường Đại học Đà Lạt